| 000 | 00459nam a22001577a 4500 | ||
|---|---|---|---|
| 005 | 20251129153613.0 | ||
| 008 | 251129b |||||||| |||| 00| 0 eng d | ||
| 020 | _a9780131292932 | ||
| 050 |
_aTA357 _b.D68 |
||
| 245 |
_aFluid Mechanics _cJohn F. Douglas et al., |
||
| 250 | _a5th ed. | ||
| 260 |
_aHarlow, England _bPearson Prentice Hall _c2005 |
||
| 300 |
_axxxiii. 958p. _bill. some color _c24.5cm |
||
| 700 | _aDouglas, John F. | ||
| 942 |
_2lcc _cBK _e5th ed. _n0 |
||
| 999 |
_c8454 _d8454 |
||